[Event "Titled Tuesday intern op 08th Nov Early"]
[Site "Chess.com INT"]
[Date "2022.11.08"]
[Round "8"]
[White "Biastoch, Bennet"]
[Black "Kozak, Antoni"]
[Result "1-0"]
[WhiteElo "2232"]
[BlackElo "2422"]
[PlyCount "97"]
[EventDate "2022.11.08"]
[EventType "swiss (blitz)"]
[EventRounds "11"]
[EventCountry "USA"]
[SourceTitle "EXT 2024"]
[Source "ChessBase"]
[SourceDate "2023.10.10"]
[SourceVersion "1"]
[SourceVersionDate "2023.10.10"]
[SourceQuality "1"]

1. e4 c6 2. Nc3 d5 3. Nf3 dxe4 4. Nxe4 Nf6 5. Qe2 Nxe4 6. Qxe4 Qd5 7. Qh4 Qe6+ 8. Be2 Qg4 9. Qg3 h5 10. Ne5 Qf5 11. Bd3 Qf6 12. b3 Bf5 13. Bb2 Bxd3 14. Qxd3 Qd6 15. Qf3 Qd5 16. Qe2 Nd7 17. Nxd7 Qxd7 18. 0-0-0 Rh6 19. h4 e6 20. Rh3 Rg6 21. Rd3 Qc7 22. Qxh5 Rxg2 23. Re1 Rg6 24. Be5 Qa5 25. Kb1 Rf6 26. Qh8 Rg6 27. Bc3 Qc7 28. h5 Rg2 29. h6 gxh6 30. Qh7 Qe7 31. Be5 Rd8 32. Qe4 Rxd3 33. Qxd3 Qd7 34. Qf3 Rg5 35. Bf4 Rf5 36. Qe4 Qd5 37. Qe3 Bc5 38. Qg3 h5 39. Be3 Bxe3 40. dxe3 Ke7 41. Qh4+ Rf6 42. e4 Qe5 43. f4 Qxf4 44. Qxh5 e5 45. Rd1 Qxe4 46. Qh3 Qf5 47. Qh8 Rg6 48. Qd8+ Ke6 49. Qd6# 1-0

[Event "Titled Tuesday intern op 01st Nov Early"]
[Site "Chess.com INT"]
[Date "2022.11.01"]
[Round "1"]
[White "Jarmula, Lukasz"]
[Black "Biastoch, Bennet"]
[Result "1/2-1/2"]
[WhiteElo "2457"]
[BlackElo "2232"]
[PlyCount "68"]
[EventDate "2022.11.01"]
[EventType "swiss (blitz)"]
[EventRounds "11"]
[EventCountry "USA"]
[SourceTitle "EXT 2024"]
[Source "ChessBase"]
[SourceDate "2023.10.10"]
[SourceVersion "1"]
[SourceVersionDate "2023.10.10"]
[SourceQuality "1"]

1. e4 c5 2. Nf3 d6 3. Bb5+ Bd7 4. Bxd7+ Qxd7 5. c4 Nc6 6. Nc3 g6 7. d4 cxd4 8. Nxd4 Bg7 9. Be3 Nf6 10. f3 0-0 11. 0-0 Rfc8 12. b3 Nxd4 13. Bxd4 Qe6 14. Nd5 Nxd5 15. exd5 Qf5 16. Re1 Rc7 17. Re3 h5 18. Qd2 a6 19. Bxg7 Kxg7 20. Rae1 Qf6 21. a4 b5 22. axb5 axb5 23. cxb5 Rb8 24. Qe2 Rc5 25. Rxe7 Rbxb5 26. Re8 Rxd5 27. Qc4 Rbc5 28. Qa6 Re5 29. R8xe5 Rxe5 30. Rd1 Re3 31. Qb6 Qc3 32. Qd4+ Qxd4 33. Rxd4 Rxb3 34. Rxd6 Rb7 1/2-1/2

[Event "BL2-Nord 2122"]
[Site "Germany"]
[Date "2022.06.19"]
[Round "8.4"]
[White "Biastoch, Bennet"]
[Black "Jovanovic, Zoran"]
[Result "0-1"]
[WhiteElo "2240"]
[BlackElo "2524"]
[PlyCount "94"]
[EventDate "2022.03.05"]
[EventType "team-tourn"]
[EventRounds "10"]
[EventCountry "GER"]
[SourceTitle "EXT 2023"]
[Source "ChessBase"]
[SourceDate "2022.10.05"]
[SourceVersion "1"]
[SourceVersionDate "2022.10.05"]
[SourceQuality "1"]
[WhiteTeam "Magdeburg"]
[BlackTeam "Kirchweyhe"]
[WhiteTeamCountry "GER"]
[BlackTeamCountry "GER"]

1. e4 Nc6 2. Nf3 d6 3. d4 Nf6 4. Nc3 g6 5. Be3 Bg7 6. h3 0-0 7. Qd2 e5 8. d5 Ne7 9. Be2 Bd7 10. 0-0-0 b5 11. Bd3 Qb8 12. g4 c5 13. g5 Nh5 14. Be2 c4 15. Nh2 b4 16. Nb1 c3 17. bxc3 bxc3 18. Qxc3 Nf4 19. Ba6 Bb5 20. Bxb5 Qxb5 21. Qb3 Qa6 22. c3 Rab8 23. Qc2 Rb7 24. Ng4 Rfb8 25. Bxf4 exf4 26. Nf6+ Kh8 27. Rhe1 Ng8 28. e5 dxe5 29. Ne4 f5 30. Ned2 Rc8 31. Nb3 Rd7 32. f3 Ne7 33. d6 Rxd6 34. Rxd6 Qxd6 35. Rd1 Qc6 36. Qd2 e4 37. fxe4 fxe4 38. Qd7 Qxd7 39. Rxd7 Nf5 40. N3d2 e3 41. Nf3 a6 42. Kc2 Kg8 43. Ra7 Nd4+ 44. Nxd4 Bxd4 45. Rxa6 f3 46. Kd3 f2 47. Ke2 Rf8 0-1